Statistics for Guess The Lyrics - Beatles #2

Click here to take the quiz!

General Stats

  • This quiz has been taken 65 times
  • The average score is 66 of 118

Answer Stats

Answer% Correct
you
93%
The
92%
the
92%
love
83%
to
80%
is
78%
It
78%
and
73%
your
66%
not
64%
of
64%
Of
64%
All
59%
all
59%
That
58%
off
53%
down
49%
mind
47%
But
46%
see
44%
dying
39%
float
39%
Relax
39%
stream
39%
Turn
37%
end
36%
beginning
31%
everyone
27%
knowing
25%
Surrender
25%
void
25%
living
24%
May
24%
may
24%
meaning
24%
shining
24%
being
22%
Lay
22%
listen
22%
within
22%
believing
20%
dream
20%
color
17%
thoughts
17%
play
15%
dead
12%
game
12%
hate
12%
Existence
10%
ignorance
8%
mourn
8%

Score Distribution

Percentile by Number Answered

Percent of People with Each Score

Your Score History

You have not taken this quiz